Statistics for Lex Luger's career opponents

Click here to take the quiz!

General Stats

  • This quiz has been taken 224 times
    (34 since last reset)
  • The average score is 85 of 148

Answer Stats

Answer% Correct
Arn Anderson
100%
Bam Bam Bigelow
100%
Bobby Eaton
100%
Bret "HItman" Hart
100%
Buff Bagwell
100%
Hulk Hogan
100%
Kevin Nash
100%
Mr. Perfect
100%
Ric Flair
100%
Sting
100%
Tatanka
100%
Tully Blanchard
100%
Yokozuna
100%
Chris Benoit
92%
Crush
92%
Eddie Guerrero
92%
Hector Guerrero
92%
Jeff Jarrett
92%
Owen Hart
92%
Rick Martel
92%
Rick Steiner
92%
Scott Hall
92%
Scott Steiner
92%
The Barbarian
92%
The Undertaker
92%
Animal
83%
Barry Windham
83%
Booker T
83%
Brad Armstrong
83%
Curtis Hughes
83%
Dusty Rhodes
83%
Hawk
83%
Jacques Rougeau
83%
King Kong Bundy
83%
"Macho Man" Randy Savage
83%
Meng
83%
Rey Mysterio
83%
Ron Simmons
83%
Shawn Michaels
83%
Sid Vicious
83%
Stan Hansen
83%
Terry Funk
83%
The Great Muta
83%
Bubba Rogers
75%
"Dr. Death" Steve Williams
75%
Harley Race
75%
Irwin R. Schyster
75%
Kendall Windham
75%
Konnan
75%
Lord Steven Regal
75%
Nikita Koloff
75%
Pierre
75%
Scott Norton
75%
Stevie Ray
75%
The Giant
75%
Tommy Rich
75%
Barry Horowitz
67%
Bob Backlund
67%
Brian Knobbs
67%
Dan Spivey
67%
"Diamond" Dallas Page
67%
Dick Slater
67%
Greg "The Hammer" Valentine
67%
"Hacksaw" Jim Duggan
67%
Hugh Morrus
67%
Jimmy Garvin
67%
Kevin Sullivan
67%
Ludvig Borga
67%
Ricky "The Dragon" Steamboat
67%
Ronnie Garvin
67%
Samu
67%
Scotty Riggs
67%
The Shark
67%
The Wall
67%
Tito Santana
67%
Virgil
67%
Bob Holly
58%
Dave Taylor
58%
Fit Finlay
58%
Goldberg
58%
Mabel
58%
Masahiro Chono
58%
Michael "P.S." Hayes
58%
Norman Smiley
58%
Ricky Morton
58%
Robert Gibson
58%
Shane Douglas
58%
The Renegade
58%
Tom Zenk
58%
Vampiro
58%
Alex Wright
50%
Bastion Booger
50%
Brian Pillman
50%
Chuck Palumbo
50%
Eddie Gilbert
50%
Jerry "The King" Lawler
50%
Jimmy Del Ray
50%
Jim Powers
50%
Johnny B. Badd
50%
Sean O'Haire
50%
The Brooklyn Brawler
50%
Barry Darsow
42%
Glacier
42%
Juventud Guerrera
42%
The Booty Man
42%
Tracy Smothers
42%
Wrath
42%
Bruiser Brody
33%
Dick Murdoch
33%
Jerry Lynn
33%
Kenny Kaos
33%
Kensuke Sasaki
33%
La Parka
33%
P.N. News
33%
Ron Bass
33%
Van Hammer
33%
Wahoo McDaniel
33%
Kwang
25%
Maxx
25%
Mike Enos
25%
The Iron Sheik
25%
Al Perez
17%
Big Josh
17%
Cobra
17%
Jesse Barr
17%
Masa Saito
17%
The Masked Superstar
17%
Bill Kazmaier
8%
Loch Ness
8%
Ranger Ross
8%
Rocco Roc
8%
Rocky King
8%
Tank Abbott
8%
The Italian Stallion
8%
The Motor City Madman
8%
Tim Horner
8%
Todd Champion
8%
Tombstone
8%
Alex Porteau
0%
Bad News Allen
0%
Baron von Raschke
0%
Black Bart
0%
Curtis Thompson
0%
Duane Gill
0%
Jack Victory
0%
Joey Maggs
0%
Kendo Nagasaki
0%
Moondog Rex
0%

Score Distribution

Percentile by Number Answered

Percent of People with Each Score

Your Score History

You have not taken this quiz since the last reset